000 006970000a22002290004500
090 _aAR
_b03632
245 1 0 _aAttraction of coprophagous beetles to feces of various animals
650 1 4 _aEntomología
_94483
650 1 4 _aCoprófagos
_98620
650 1 4 _aHábitat
_992506
650 1 4 _aMétodos de muestreo
_993496
650 1 4 _aParasitos
_98260
651 4 _dGeorgia
_pEstados Unidos
_992749
653 _gPhanaeus
_ePhanaeus vindex
653 _gPhanaeus
_ePhanaeus igneus
041 0 _aInglés
700 1 _aStewart, T. Bonner
_997357
700 1 _aDavis, Robert
_997358
100 1 _aFincher, Truman
_997359
942 _cARTICULO
773 1 _tJournal of Parasitology
_h2
_q378-383
_d1970
_g56
999 _c12680
_d12680